| 000 | 01241nam a22002055i 4500 | ||
|---|---|---|---|
| 001 | 165780 | ||
| 003 | ES-MaACL | ||
| 005 | 20250715193401.0 | ||
| 008 | 050906s1828 fr a | |||||||| ||fre d | ||
| 040 |
_aCAM _bspa _cCAM |
||
| 100 | 1 |
_aStevenson, William Bernet. _9132906 |
|
| 245 | 1 | 0 |
_aVoyage en Araucanie, au Chili, au Pérou et dans la Colombie, ou Relation historique et descriptive d'un séjour de vingt ans dans l'Amérique du Sud _b: suivie d'un précis des révolutions des colonies espagnoles de l'Amérique du Sud / _ctraduite de l'anglais de W. B. Stevenson ; et augmentée de la suite des révolutions de ces Colonies depuis 1823 jusqu'a ce jour par Sétier ; tome I [-III]. |
| 260 |
_aParis : _bLibrairie Universelle de P. Mongie aîne, _c1828 ( _fImprimerie de Fain) |
||
| 300 |
_a3 v. (XII, 390 p., [2] h. pleg. de lám.; VI, 496 p., [2] h. de lám.; VII, 440 p., [2] h. pleg. de lám.) ; _c8º. |
||
| 597 | _aLas h. de láminas son grabados calcográficos: "Gravé par Adam", representan escenas de los indios. | ||
| 651 | 0 | 4 |
_aAmérica del Sur- _xDescripción. _97712 |
| 700 | 1 |
_aSétier, Louis-Pascal, _d1793-1835 _9158440 |
|
| 852 |
_aES-MaACL _jD-815-17 _z-- Enc. pasta con hierros dorados |
||
| 999 |
_c165780 _d165780 |
||